| 000 | 00514nam a2200157 a 4500 | ||
|---|---|---|---|
| 001 | 000036125 | ||
| 005 | 20240226143342.0 | ||
| 008 | 111214s2011 dr 000 0 spa d | ||
| 040 |
_aDO-SdBNP _bspa _cBNPHU |
||
| 082 |
_axxxx _bM296 |
||
| 100 | 1 |
_aMañón, Melvin _910427 |
|
| 245 | 1 | 0 |
_aFines Fuerzas Independientes Nacionales / _cMelvin Mañón. |
| 260 |
_aSanto Domingo : _bBúho, _c2011. |
||
| 300 |
_a32 p. ; _c16 cm. |
||
| 500 | _aEn la cubierta ruptura (de la lógica, del discurso, y de la práctica política) | ||
| 999 |
_c35616 _d35616 |
||